Regeneration in the 21st century. Policies into practice : an overview of the Joseph Rowntree Foundation Area Regeneration Programme (Record no. 102083)
[ view plain ]
| 000 -LEADER | |
|---|---|
| fixed length control field | 01345cam a2200349 4500 |
| 008 - FIXED-LENGTH DATA ELEMENTS--GENERAL INFORMATION | |
| fixed length control field | 020517n2000 000 0 eng u |
| 020 ## - INTERNATIONAL STANDARD BOOK NUMBER | |
| International Standard Book Number | 1861343086 |
| 035 ## - SYSTEM CONTROL NUMBER | |
| System control number | (Sirsi) u118008 |
| 041 ## - LANGUAGE CODE | |
| Language code of text/sound track or separate title | eng. |
| 050 ## - LIBRARY OF CONGRESS CALL NUMBER | |
| Classification number | 711.52 |
| 100 ## - MAIN ENTRY--PERSONAL NAME | |
| Personal name | Carley, M. |
| 245 ## - TITLE STATEMENT | |
| Title | Regeneration in the 21st century. Policies into practice : an overview of the Joseph Rowntree Foundation Area Regeneration Programme |
| 260 ## - PUBLICATION, DISTRIBUTION, ETC. | |
| Place of publication, distribution, etc. | Bristol |
| Name of publisher, distributor, etc. | Policy Press |
| Date of publication, distribution, etc. | 2000 |
| 300 ## - PHYSICAL DESCRIPTION | |
| Extent | viii,67p. |
| Dimensions | 30cm. |
| 350 ## - PRICE (NR) (BK AM CF MU VM SE) [OBSOLETE] | |
| Price | 13.95 |
| 490 ## - SERIES STATEMENT | |
| Series statement | Area Regeneration |
| 520 ## - SUMMARY, ETC. | |
| Summary, etc. | Decades of regeneration activity have failed to halt the decline in prosperity and the social exclusion of sections of British society. This report summarises the findings of the Joseph Rowntree Foundation's Area Regeneration Programme, which includes over 60 research studies looking into what works and what does not. The report also identifies the key challenges to be faced in the 21st century. |
| 650 ## - SUBJECT ADDED ENTRY--TOPICAL TERM | |
| Topical term or geographic name entry element | DEPRIVED AREAS |
| 650 ## - SUBJECT ADDED ENTRY--TOPICAL TERM | |
| Topical term or geographic name entry element | EMPLOYMENT |
| 650 ## - SUBJECT ADDED ENTRY--TOPICAL TERM | |
| Topical term or geographic name entry element | AREA RENEWAL |
| 650 ## - SUBJECT ADDED ENTRY--TOPICAL TERM | |
| Topical term or geographic name entry element | COMMUNITY INVOLVEMENT |
| 650 ## - SUBJECT ADDED ENTRY--TOPICAL TERM | |
| Topical term or geographic name entry element | PARTNERSHIPS |
| 650 ## - SUBJECT ADDED ENTRY--TOPICAL TERM | |
| Topical term or geographic name entry element | JOSEPH ROWNTREE FOUNDATION |
| 650 ## - SUBJECT ADDED ENTRY--TOPICAL TERM | |
| Topical term or geographic name entry element | SOCIAL EXCLUSION |
| 690 ## - LOCAL SUBJECT ADDED ENTRY--TOPICAL TERM (OCLC, RLIN) | |
| Topical term or geographic name as entry element | REGENERATION |
| 700 ## - ADDED ENTRY--PERSONAL NAME | |
| Personal name | Campbell, M. |
| 700 ## - ADDED ENTRY--PERSONAL NAME | |
| Personal name | Kearns, A. |
| 700 ## - ADDED ENTRY--PERSONAL NAME | |
| Personal name | Wood, M. |
| 700 ## - ADDED ENTRY--PERSONAL NAME | |
| Personal name | Young, R. |
| 700 ## - ADDED ENTRY--PERSONAL NAME | |
| Personal name | Low, J. |
| 942 ## - ADDED ENTRY ELEMENTS (KOHA) | |
| Suppress in OPAC | 0 |
| Withdrawn status | Lost status | Source of classification or shelving scheme | Damaged status | Not for loan | Home library | Current library | Shelving location | Date acquired | Cost, normal purchase price | Total Checkouts | Full call number | Barcode | Date last seen | Date last checked out | Copy number | Cost, replacement price | Price effective from | Koha item type |
|---|---|---|---|---|---|---|---|---|---|---|---|---|---|---|---|---|---|---|
| Dewey Decimal Classification | London | London | Folio | 29/05/2002 | 13.95 | 8 | F711.52 CAR | 30065963 | 06/08/2019 | 01/09/2003 | 1 | 13.95 | 06/08/2019 | Book |